Lecturas de sociolingüística (Registro nro. 7269)

Detalles MARC
000 -CABECERA
Campo de control interno 01637nam a2200241Ia 4500
008 - ELEMENTOS DE LONGITUD FIJA - INFORMACIÓN GENERAL
Campo de control de longitud fija 260220t1977||||xx |||||||||||||| ||spa||
020 ## - ISBN
ISBN 8471665549
040 ## - FUENTE DE CATALOGACIÓN
Agencia de catalogación original PY-SlUNAC
Idioma de catalogación spa
Convenciones de descripción rda
041 ## - CÓDIGO DE IDIOMA
Código de idioma para texto/pista de sonido o título separado spa
082 ## - NÚMERO DE CLASIFICACIÓN DECIMAL DEWEY
Clasificación Decimal Dewey (CDD) 401
Clasificación Expansiva de Cutter (EC) L471l
245 #0 - TÍTULO
Título Lecturas de sociolingüística
264 ## - PIE DE IMPRENTA
Lugar Madrid :
Editorial EDAF,
Año ℗1977.
300 ## - DESCRIPCIÓN FÍSICA
Páginas 1 volumen
520 ## - NOTA DE RESUMEN
Nota de resumen El libro "Lecturas de sociolingüística", publicado en 1977 por EDAF, se presenta como una recopilación de ensayos y estudios que exploran la intersección entre el lenguaje y la sociedad. A través de diversas contribuciones de expertos en el campo, se abordan temas fundamentales como la variación lingüística, el bilingüismo, la relación entre lengua y poder, y el impacto de factores sociales en el uso del lenguaje. Este texto es fundamental para entender cómo las dinámicas sociales influyen en la comunicación y cómo, a su vez, el lenguaje puede reflejar y reforzar estructuras sociales. La obra no solo proporciona un marco teórico sólido, sino que también incluye ejemplos prácticos de situaciones sociolingüísticas en contextos hispanohablantes, lo que permite una comprensión más profunda de la materia. En conjunto, "Lecturas de sociolingüística" se establece como un recurso valioso para estudiantes e investigadores interesados en el estudio del lenguaje en su dimensión social y cultural.
653 ## - MATERIA - TÉRMINO TEMÁTICO NO CONTROLADO (PALABRAS CLAVE)
Materia - término temático no controlado (palabras clave) Lengua
653 ## - MATERIA - TÉRMINO TEMÁTICO NO CONTROLADO (PALABRAS CLAVE)
Materia - término temático no controlado (palabras clave) Sociedad
653 ## - MATERIA - TÉRMINO TEMÁTICO NO CONTROLADO (PALABRAS CLAVE)
Materia - término temático no controlado (palabras clave) Sociolingüística
942 ## - ELEMENTOS PERSONALIZADOS (KOHA)
Fecha catalogación 2026/02/17
Tipo de documento Libros
Existencias
Fuente de Clasificacion Colección Ubicacion permanente Biblioteca actual Fecha de Ingreso a la Biblioteca Origen de adquisición Código de ubicación Código de barras Tipo de Item KOHA Nota pública
Dewey Decimal Classification Colección General (CG) Biblioteca e Internet, Facultad de Ciencias Exactas y Naturales Biblioteca e Internet, Facultad de Ciencias Exactas y Naturales 02/20/2026 Donación 401 L471l CG629 Libros Material disponible en la Biblioteca e Intenet, Campus UNA, San Lorenzo.